000 00375nam a2200169Ia 4500
003 0100
008 130303s9999 xx 000 0 und d
040 _cARRUPELIB
050 _aBR145.2.C341995
100 _aChadwick, Owen
245 2 _aA History of Christianity
260 _aLondon
260 _bPhoenix Illustrated
260 _C1995
300 _a304p
942 0 0 _01
999 _c18367
_d18367